000
00303nam a2200121Ia 4500
008
220216s9999 xx 000 0 und d
100
_a
Nair V.K.B.
245
0
_a
Improved planting materials in rubber
260
_b
Rubber Reporter
_c
1978
300
_a
85-86
650
_a
Planting material
942
_c
BS
999
_c
49090
_d
49090